[Event "Int. Stuttgarter Stadtmeisterschaft B"]
[Site "Ditzingen"]
[Date "2012.05.18"]
[Round "4.15"]
[White "Viehoff, Jürgen"]
[Black "Ziegler, Michael"]
[Result "1-0"]
[WhiteElo "1848"]
[BlackElo "1702"]
[PlyCount "105"]
[EventDate "2012.??.??"]

1. d4 Nf6 2. Nf3 d6 3. Bg5 Nbd7 4. Nbd2 g6 5. e4 Bg7 6. Be2 O-O 7. c3 Re8 8.
O-O e5 9. dxe5 Nxe5 10. Qc2 Bg4 11. Rfe1 Qd7 12. Nxe5 Rxe5 13. Bxf6 Bxf6 14. f3
Be6 15. f4 Rc5 16. Nb3 Bxb3 17. axb3 Bd4+ 18. Kh1 a6 19. b4 Rc6 20. Bb5 Re8 21.
Bxc6 Qxc6 22. Qa4 Qxa4 23. Rxa4 Bg7 24. Raa1 Bh6 25. g3 f6 26. Kg2 Kf7 27. Kf3
Bg7 28. h4 Ke7 29. g4 Kd7 30. Rad1 h6 31. g5 fxg5 32. hxg5 hxg5 33. e5 gxf4 34.
exd6 Rxe1 35. Rxe1 cxd6 36. Kxf4 Bf6 37. Rg1 g5+ 38. Kf5 Be7 39. Rh1 Bd8 40.
Rh7+ Be7 41. Rg7 g4 42. Rxg4 Bd8 43. Rg7+ Kc6 44. Ke6 Bc7 45. Rd7 Bb8 46. Rd8
Bc7 47. Rc8 b6 48. b3 Kb7 49. Kd7 Bb8 50. c4 a5 51. bxa5 bxa5 52. Rxb8+ Kxb8
53. Kxd6 1-0

[Event "Int. Stuttgarter Stadtmeisterschaft B"]
[Site "Ditzingen"]
[Date "2012.05.18"]
[Round "4.16"]
[White "Steinmassl, Guido"]
[Black "Michna, Marcus"]
[Result "1-0"]
[WhiteElo "1567"]
[BlackElo "1843"]
[PlyCount "77"]
[EventDate "2012.??.??"]

1. e4 c5 2. Nf3 Nc6 3. d4 cxd4 4. Nxd4 Qb6 5. Nb3 Nf6 6. Nc3 e6 7. Bd3 Be7 8.
Be3 Qc7 9. O-O O-O 10. f4 d6 11. Qf3 Re8 12. Kh1 a6 13. g4 Nb4 14. g5 Nd7 15.
a3 Nxd3 16. cxd3 b5 17. Rac1 Qb8 18. Nd4 Bb7 19. b4 Rc8 20. Qh3 Nf8 21. f5 e5
22. Nf3 f6 23. gxf6 Bxf6 24. Rg1 Rc7 25. Rg3 Qe8 26. Qg2 Rd8 27. Bb6 Rdd7 28.
Bxc7 Rxc7 29. Qd2 Qh5 30. Rc2 Nd7 31. Nd5 Rxc2 32. Nxf6+ Nxf6 33. Qxc2 Qf7 34.
Ng5 Qh5 35. Qc7 h6 36. Nf3 Qf7 37. Qxd6 Qb3 38. Qxf6 Qd1+ 39. Ng1 1-0

[Event "Int. Stuttgarter Stadtmeisterschaft B"]
[Site "Ditzingen"]
[Date "2012.05.18"]
[Round "4.17"]
[White "Issaad, Pascal"]
[Black "Triantafillidis, Zoe"]
[Result "1-0"]
[WhiteElo "1828"]
[BlackElo "1691"]
[PlyCount "45"]
[EventDate "2012.??.??"]

1. e4 c6 2. Nc3 d5 3. Nf3 Bg4 4. Be2 e6 5. d3 Bd6 6. Nd2 Bxe2 7. Nxe2 Nd7 8.
O-O Ngf6 9. f4 e5 10. fxe5 Bxe5 11. exd5 Nxd5 12. Nc4 Bc7 13. Nf4 O-O 14. Nxd5
cxd5 15. Ne3 Nf6 16. Nf5 Kh8 17. Bg5 Be5 18. d4 Qb6 19. Kh1 Qxb2 20. dxe5 Qxe5
21. Qd4 Qxd4 22. Nxd4 Ne4 23. Be7 1-0

[Event "Int. Stuttgarter Stadtmeisterschaft B"]
[Site "Ditzingen"]
[Date "2012.05.18"]
[Round "4.18"]
[White "Reichardt, Bernd"]
[Black "Gheng, Christian"]
[Result "0-1"]
[WhiteElo "1816"]
[BlackElo "1686"]
[PlyCount "110"]
[EventDate "2012.??.??"]

1. Nf3 c5 2. e4 d6 3. c4 e5 4. Nc3 Ne7 5. Nd5 Nbc6 6. h3 Nxd5 7. cxd5 Nd4 8.
Nxd4 cxd4 9. Qa4+ Bd7 10. Qb4 Qc7 11. Bd3 Be7 12. O-O O-O 13. f4 f6 14. f5 a5
15. Qb3 g6 16. fxg6 hxg6 17. g4 Kg7 18. Bb5 a4 19. Qd3 Bxb5 20. Qxb5 Rh8 21.
Qd3 Rh4 22. a3 Ra6 23. Rb1 Qd8 24. b4 Qh8 25. Rf3 Ra8 26. Bb2 Qh6 27. Rc1 Rh8
28. Kg2 Kf7 29. Rc7 Rxg4+ 30. Kf2 Rf4 31. Rxf4 Qxf4+ 32. Ke2 Qh2+ 33. Kd1 Qh1+
34. Kc2 Rxh3 35. Qb5 Qxe4+ 36. d3 Qe2+ 37. Kb1 Qd1+ 38. Ka2 Qb3+ 39. Ka1 Rh2
40. Rxe7+ Kxe7 41. Qxb7+ Kf8 42. Qc8+ Kg7 43. Qc7+ Kh6 44. Qc1+ g5 45. Qb1 Qxd5
46. Bc1 Qb5 47. Bb2 Rh3 48. Qf1 Qxd3 49. Qxf6+ Qg6 50. Qh8+ Qh7 51. Qf8+ Kh5
52. Qe8+ Kh4 53. Qxa4 Rh1+ 54. Ka2 Qb1+ 55. Kb3 Qd1+ 0-1

[Event "Int. Stuttgarter Stadtmeisterschaft B"]
[Site "Ditzingen"]
[Date "2012.05.18"]
[Round "4.19"]
[White "Bälz, Jürgen"]
[Black "Schreiber, Winfried"]
[Result "1-0"]
[WhiteElo "1795"]
[BlackElo "1628"]
[PlyCount "89"]
[EventDate "2012.??.??"]

1. d4 Nf6 2. c4 g6 3. g3 Bg7 4. Bg2 O-O 5. Nc3 d6 6. Nf3 Nbd7 7. O-O Rb8 8. Qc2
c5 9. d5 e6 10. dxe6 fxe6 11. e4 a6 12. Bg5 b5 13. cxb5 axb5 14. a3 Qb6 15.
Rfd1 Bb7 16. Qd3 Ne8 17. Be7 Rxf3 18. Bxf3 Bd4 19. Qxb5 Bc6 20. Qxb6 Rxb6 21.
Rab1 Ne5 22. Bg2 Nc4 23. Rxd4 cxd4 24. Ne2 d3 25. Nc3 Nd2 26. Rd1 Rxb2 27. Bg5
Ba4 28. Rxd2 Bc2 29. Bf1 Rb3 30. Bxd3 Bxd3 31. Rxd3 Rxa3 32. Bd2 Kf7 33. f4 Nc7
34. Kf2 Ke7 35. Ke3 Na6 36. Nb5 Rxd3+ 37. Kxd3 Nc5+ 38. Ke3 Nd7 39. Bb4 Nc5 40.
Bxc5 dxc5 41. Kd3 Kd7 42. Kc4 Kc6 43. e5 h5 44. Nc3 Kb6 45. Ne4 1-0

[Event "Int. Stuttgarter Stadtmeisterschaft B"]
[Site "Ditzingen"]
[Date "2012.05.18"]
[Round "4.20"]
[White "Wohlfahrt, Michael"]
[Black "Sieweck, Theodor"]
[Result "1-0"]
[WhiteElo "1767"]
[BlackElo "1411"]
[PlyCount "73"]
[EventDate "2012.??.??"]

1. e4 e5 2. Nf3 Nc6 3. Bc4 Bc5 4. c3 Nf6 5. d4 exd4 6. cxd4 Bb4+ 7. Bd2 Nxe4 8.
Bxb4 Nxb4 9. Bxf7+ Kxf7 10. Qb3+ Ke8 11. Qxb4 Qe7 12. Qxe7+ Kxe7 13. O-O Re8
14. Re1 Kf8 15. Ne5 d5 16. f3 Nf6 17. Nc3 c6 18. b4 a6 19. a4 Bd7 20. g4 Be6
21. Kf2 Nd7 22. h3 Nxe5 23. dxe5 d4 24. Ne4 Re7 25. Nd6 Bb3 26. f4 Bc2 27. Ke2
d3+ 28. Kd2 Rd8 29. f5 Rc7 30. a5 Rcd7 31. Re3 Rxd6 32. exd6 Rxd6 33. Rae1 Rd7
34. g5 Kf7 35. h4 Rc7 36. Re6 Bb3 37. g6+ 1-0

[Event "Int. Stuttgarter Stadtmeisterschaft B"]
[Site "Ditzingen"]
[Date "2012.05.18"]
[Round "4.21"]
[White "Gorb, Eugeniusz"]
[Black "Büchele, Markus"]
[Result "0-1"]
[WhiteElo "1543"]
[BlackElo "1760"]
[PlyCount "50"]
[EventDate "2012.??.??"]

1. e4 d5 2. exd5 Qxd5 3. Nc3 Qa5 4. Bc4 Bf5 5. Qf3 c6 6. d3 e6 7. Nge2 Nf6 8.
h3 h5 9. Bf4 Nbd7 10. Qg3 h4 11. Qf3 Bg6 12. a3 Ne5 13. Bxe5 Qxe5 14. O-O Bd6
15. g3 hxg3 16. fxg3 Rxh3 17. Nf4 Bh5 18. Rae1 Bxf3 19. Rxe5 Rh1+ 20. Kf2 Rxf1+
21. Kxf1 Bxe5 22. Kf2 Bd5 23. Bxd5 Nxd5 24. Ncxd5 exd5 25. c3 Bxf4 0-1

[Event "Int. Stuttgarter Stadtmeisterschaft B"]
[Site "Ditzingen"]
[Date "2012.05.18"]
[Round "4.22"]
[White "Schmidt, Bernd"]
[Black "Muench, Werner"]
[Result "1/2-1/2"]
[WhiteElo "1601"]
[BlackElo "1862"]
[PlyCount "57"]
[EventDate "2012.??.??"]

1. d4 d5 2. Bf4 Nf6 3. e3 e6 4. Nf3 c5 5. c3 Nc6 6. Bd3 cxd4 7. exd4 Be7 8. O-O
Nh5 9. Bg3 Nxg3 10. hxg3 O-O 11. Nbd2 Bd7 12. Re1 Bf6 13. Ne5 Nxe5 14. dxe5 Bg5
15. Nf3 Be7 16. Qc2 g6 17. Nd4 Kg7 18. Rad1 a6 19. c4 Rc8 20. Qe2 Qb6 21. Nf3
Bc6 22. b3 dxc4 23. Bxc4 Bxf3 24. gxf3 Bb4 25. Rf1 Rfd8 26. f4 Rxd1 27. Rxd1
Rd8 28. Rxd8 Qxd8 29. Qd3 1/2-1/2

[Event "Int. Stuttgarter Stadtmeisterschaft B"]
[Site "Ditzingen"]
[Date "2012.05.18"]
[Round "4.23"]
[White "Kohler, Manuel"]
[Black "Stoll, Katja"]
[Result "1-0"]
[WhiteElo "1860"]
[BlackElo "1645"]
[PlyCount "101"]
[EventDate "2012.??.??"]

1. d4 d5 2. c4 e6 3. Nc3 c6 4. Nf3 Nf6 5. Bg5 h6 6. Bh4 Nbd7 7. e3 Be7 8. Bd3
dxc4 9. Bxc4 b5 10. Bb3 a6 11. O-O Bb7 12. Rc1 O-O 13. Re1 c5 14. e4 b4 15. e5
bxc3 16. exf6 Bxf6 17. Bxf6 Qxf6 18. Rxc3 Bxf3 19. Rxf3 Qd8 20. d5 exd5 21.
Qxd5 Nf6 22. Qxc5 Qd2 23. Qc3 Rad8 24. h3 Qxc3 25. bxc3 Rc8 26. Re7 Rce8 27.
Rfe3 a5 28. Bxf7+ Rxf7 29. Rxe8+ Nxe8 30. Rxe8+ Kh7 31. Re2 Rc7 32. Rc2 Rc4 33.
Kf1 Kg6 34. Ke2 Kf5 35. Kd3 Rc6 36. c4 Rd6+ 37. Kc3 Rc6 38. Kd4 Ke6 39. Re2+
Kd7 40. c5 Rg6 41. g3 Kc6 42. Rb2 Kc7 43. Kc4 Rf6 44. Kb5 Rf8 45. Kxa5 Ra8+ 46.
Kb4 Rb8+ 47. Kc3 Rxb2 48. Kxb2 Kc6 49. f4 Kxc5 50. Kc3 g6 51. g4 1-0

[Event "Int. Stuttgarter Stadtmeisterschaft B"]
[Site "Ditzingen"]
[Date "2012.05.18"]
[Round "4.24"]
[White "Mayer, Markus"]
[Black "Pocrnic, Josip"]
[Result "1-0"]
[WhiteElo "1599"]
[BlackElo "1855"]
[PlyCount "93"]
[EventDate "2012.??.??"]

1. d4 d5 2. c4 e6 3. Nc3 c6 4. Nf3 Nf6 5. Bg5 Be7 6. e3 Nbd7 7. Qc2 h6 8. Bh4
a6 9. cxd5 exd5 10. Be2 O-O 11. O-O Re8 12. Nd2 Nf8 13. f3 Be6 14. Nb3 N6d7 15.
Bf2 Rc8 16. e4 f6 17. Nc5 Nxc5 18. dxc5 Qa5 19. Na4 Nd7 20. a3 Rf8 21. b4 Qd8
22. Nc3 a5 23. Rfd1 dxe4 24. Nxe4 Qe8 25. Nd6 Bxd6 26. Rxd6 Kh8 27. Re1 Bd5 28.
Bd3 Qd8 29. Bf5 Rc7 30. Qe2 Kg8 31. Qe7 Qxe7 32. Rxe7 Rf7 33. Rexd7 Rfxd7 34.
Rxd7 Rxd7 35. Bxd7 axb4 36. axb4 Bc4 37. Bg3 Kf7 38. Bd6 Bd3 39. Kf2 h5 40. Ke3
Bb5 41. Ke4 Ba6 42. h4 g6 43. g4 hxg4 44. fxg4 Bf1 45. g5 fxg5 46. hxg5 Bc4 47.
Ke5 1-0

[Event "Int. Stuttgarter Stadtmeisterschaft B"]
[Site "Ditzingen"]
[Date "2012.05.18"]
[Round "4.25"]
[White "Weis, Olga"]
[Black "Ellinger, Harald"]
[Result "1/2-1/2"]
[WhiteElo "1583"]
[BlackElo "1854"]
[PlyCount "97"]
[EventDate "2012.??.??"]

1. e4 c5 2. Nf3 d6 3. d4 cxd4 4. Nxd4 Nf6 5. f3 a6 6. c4 g6 7. Nc3 Bg7 8. Be3
Bd7 9. Qd2 h5 10. Be2 Nc6 11. O-O O-O 12. Rac1 Rc8 13. Kh1 Kh7 14. b3 Qa5 15.
Rfd1 Nxd4 16. Bxd4 b5 17. Nd5 Qxd2 18. Rxd2 Nxd5 19. Bxg7 Kxg7 20. Rxd5 Be6 21.
Rdd1 bxc4 22. Bxc4 Bxc4 23. Rxc4 Rxc4 24. bxc4 Rc8 25. Rc1 Kf6 26. f4 Ke6 27.
Kg1 Rc5 28. Kf2 Ra5 29. Rc2 Kd7 30. Ke3 Kc6 31. Kd4 f6 32. Rf2 Ra3 33. f5 gxf5
34. exf5 Ra4 35. Re2 Kd7 36. Rb2 e5+ 37. fxe6+ Kxe6 38. Re2+ Kd7 39. Rf2 Ke7
40. Re2+ Kd7 41. Rf2 Kc6 42. Rxf6 Rxa2 43. Rf5 h4 44. Rh5 Rxg2 45. Rxh4 a5 46.
Rh5 a4 47. Ra5 Rd2+ 48. Kc3 Rxh2 49. Rxa4 1/2-1/2

[Event "Int. Stuttgarter Stadtmeisterschaft B"]
[Site "Ditzingen"]
[Date "2012.05.18"]
[Round "4.26"]
[White "Rühl, Volker"]
[Black "Debeljak, Anton"]
[Result "1/2-1/2"]
[WhiteElo "1842"]
[BlackElo "1650"]
[PlyCount "183"]
[EventDate "2012.??.??"]

1. e4 e5 2. Nf3 Nc6 3. d4 exd4 4. Nxd4 Nxd4 5. Qxd4 Ne7 6. Bg5 f6 7. Be3 Nc6 8.
Qd1 Bb4+ 9. c3 Bd6 10. Be2 O-O 11. Nd2 Re8 12. O-O b6 13. Bc4+ Kh8 14. Bd5 Bb7
15. Nc4 Qe7 16. Re1 Rab8 17. a4 Nd8 18. Bxb7 Nxb7 19. f3 Bc5 20. Bxc5 Qxc5+ 21.
Qd4 d6 22. Ne3 Qxd4 23. cxd4 c5 24. Red1 Kg8 25. b3 Na5 26. Rab1 Nc6 27. Nc2
Rbd8 28. b4 cxb4 29. d5 Ne5 30. Rxb4 Rc8 31. Nd4 Rc4 32. Rxc4 Nxc4 33. Rc1 Nb2
34. Rc7 a5 35. Nf5 g6 36. Nh6+ Kh8 37. Nf7+ Kg8 38. Nxd6 Rb8 39. Rc8+ Rxc8 40.
Nxc8 Nxa4 41. d6 Nc5 42. Nxb6 Kf8 43. Kf2 a4 44. Nc4 Nb7 45. Ke3 Nxd6 46. Na3
Ke7 47. Kd4 Ke6 48. Kc5 f5 49. exf5+ Nxf5 50. g3 Ne3 51. Nb5 Nf1 52. Nd4+ Kf6
53. Kb4 Nxh2 54. f4 Nf1 55. g4 g5 56. fxg5+ Kxg5 57. Nf5 Kxg4 58. Nh6+ Kg5 59.
Nf7+ Kf6 60. Nh6 Kg6 61. Ng4 h5 62. Nf2 Kf5 63. Kxa4 Kf4 64. Nh3+ Kg4 65. Nf2+
Kf3 66. Nh3 h4 67. Kb4 Kg4 68. Nf2+ Kg3 69. Ne4+ Kf3 70. Ng5+ Kg4 71. Ne4 Ng3
72. Nf2+ Kf3 73. Nh3 Ne4 74. Kc4 Kg3 75. Ng1 Nd2+ 76. Kd3 Nf3 77. Ne2+ Kf2 78.
Nf4 Ne1+ 79. Ke4 Ng2 80. Nh3+ Kg3 81. Ng1 Nf4 82. Ke3 Nd5+ 83. Ke2 Kg2 84. Nf3
h3 85. Nh4+ Kg3 86. Nf3 Nf4+ 87. Ke3 Ng2+ 88. Ke2 Ne1 89. Nd2 Kg2 90. Nf1 Nf3
91. Ne3+ Kg1 92. Ng4 1/2-1/2

[Event "Int. Stuttgarter Stadtmeisterschaft B"]
[Site "Ditzingen"]
[Date "2012.05.18"]
[Round "4.27"]
[White "Rieder, Josef"]
[Black "Cummings, Orlyn"]
[Result "0-1"]
[WhiteElo "1824"]
[BlackElo "1598"]
[PlyCount "94"]
[EventDate "2012.??.??"]

1. e4 c5 2. Nf3 d6 3. d4 cxd4 4. Nxd4 Nf6 5. Nc3 g6 6. Be3 Bg7 7. Bb5+ Bd7 8.
Bxd7+ Nbxd7 9. O-O Ne5 10. Qe2 a6 11. h3 Rc8 12. Rad1 Nc4 13. b3 Nxe3 14. Qxe3
Qa5 15. Rd3 Nd7 16. Nce2 Qxa2 17. Rc3 O-O 18. b4 Qa4 19. Rb1 Nb8 20. Ra3 Qd7
21. Qd3 Nc6 22. c4 Ne5 23. Qd1 Nxc4 24. Ra2 Ne5 25. b5 axb5 26. Nxb5 Ra8 27.
Rxa8 Rxa8 28. f4 Nc6 29. e5 d5 30. Nec3 Rd8 31. Nd4 Nxd4 32. Qxd4 f6 33. Rb5
fxe5 34. fxe5 Rb8 35. Rb6 Rc8 36. Nb5 Rc1+ 37. Kh2 Re1 38. Qg4 Bxe5+ 39. g3 Bc7
40. Nxc7 Qxc7 41. Rb2 Qc1 42. Rf2 Rh1+ 43. Kg2 Rg1+ 44. Kh2 Rh1+ 45. Kg2 Qg1+
46. Kf3 Qe1 47. Kg2 Rg1+ 0-1

[Event "Int. Stuttgarter Stadtmeisterschaft B"]
[Site "Ditzingen"]
[Date "2012.05.18"]
[Round "4.29"]
[White "Mayer, Dietmar"]
[Black "Su, Jahn"]
[Result "0-1"]
[WhiteElo "1785"]
[BlackElo "1545"]
[PlyCount "62"]
[EventDate "2012.??.??"]

1. d4 d5 2. Nf3 Nf6 3. Bf4 Bf5 4. e3 e6 5. c4 c6 6. Nc3 Bd6 7. Bxd6 Qxd6 8. Qb3
Qe7 9. c5 O-O 10. Be2 Qc7 11. Qa4 Nbd7 12. b4 a6 13. Qb3 Ne4 14. Nh4 Nxc3 15.
Qxc3 Bg6 16. Nxg6 fxg6 17. Bg4 Rae8 18. f4 Qd8 19. h4 Nf6 20. Bf3 Kh8 21. g4
Nd7 22. Qd3 e5 23. dxe5 Nxe5 24. Qd1 Nc4 25. Kf2 Rxe3 26. Kg3 Qf6 27. Rf1 Qxf4+
28. Kg2 Ne5 29. Be2 Qg3+ 30. Kh1 Qh3+ 31. Kg1 Rg3# 0-1

[Event "Int. Stuttgarter Stadtmeisterschaft B"]
[Site "Ditzingen"]
[Date "2012.05.18"]
[Round "4.30"]
[White "Dallinger, Moritz"]
[Black "Tölg, Wolfgang"]
[Result "1/2-1/2"]
[WhiteElo "1547"]
[BlackElo "1776"]
[PlyCount "60"]
[EventDate "2012.??.??"]

1. e4 e5 2. Nf3 Nc6 3. Bb5 a6 4. Ba4 Bc5 5. O-O d6 6. c3 b5 7. Bb3 Be6 8. d3
Nf6 9. Nbd2 O-O 10. h3 Qd7 11. Re1 h6 12. Nf1 Rad8 13. Be3 Ba7 14. Bxa7 Nxa7
15. Ne3 c6 16. Qc2 Nh5 17. d4 exd4 18. Nxd4 g6 19. Rad1 c5 20. Nxe6 fxe6 21.
Qd2 Kg7 22. Ng4 g5 23. g3 Qe7 24. Qe2 Nf6 25. Nxf6 Qxf6 26. e5 dxe5 27. Qxe5
Qxe5 28. Rxe5 c4 29. Bc2 Kf6 30. Ree1 Nc6 1/2-1/2

[Event "Int. Stuttgarter Stadtmeisterschaft B"]
[Site "Ditzingen"]
[Date "2012.05.18"]
[Round "4.31"]
[White "Wübbens, Carsten"]
[Black "Hornung, Richard"]
[Result "1/2-1/2"]
[WhiteElo "1415"]
[BlackElo "1738"]
[PlyCount "79"]
[EventDate "2012.??.??"]

1. d4 Nf6 2. c4 g6 3. Nc3 c6 4. Nf3 Bg7 5. e4 O-O 6. Bd3 d6 7. O-O Bg4 8. h3
Bxf3 9. Qxf3 e5 10. d5 cxd5 11. cxd5 a6 12. Bg5 Nbd7 13. Rfc1 Nc5 14. Be2 h6
15. Be3 Rc8 16. b4 Ncd7 17. a4 Nb6 18. a5 Nc4 19. Na4 Nxe3 20. Qxe3 Rxc1+ 21.
Rxc1 Nd7 22. Qa7 Qb8 23. Qxb8 Rxb8 24. Rc7 Nf6 25. f3 Ne8 26. Rd7 Bf8 27. Nb6
Nf6 28. Rc7 Ne8 29. Rc2 Be7 30. b5 axb5 31. Bxb5 Nf6 32. Kf2 Kg7 33. Nc8 Bf8
34. Rc7 Ra8 35. Bd3 Rxa5 36. Rxb7 Ra2+ 37. Kg1 Nh5 38. Rc7 Nf4 39. Rc2 Ra1+ 40.
Bf1 1/2-1/2

[Event "Int. Stuttgarter Stadtmeisterschaft B"]
[Site "Ditzingen"]
[Date "2012.05.18"]
[Round "4.32"]
[White "Schmitz, Harald"]
[Black "Sigmund, Wolfgang"]
[Result "1/2-1/2"]
[WhiteElo "1733"]
[BlackElo "1540"]
[PlyCount "37"]
[EventDate "2012.??.??"]

1. e4 e5 2. Nf3 Nc6 3. Bc4 Bc5 4. c3 Nf6 5. d4 exd4 6. cxd4 Bb4+ 7. Bd2 Bxd2+
8. Nbxd2 d5 9. exd5 Nxd5 10. O-O O-O 11. Rc1 Be6 12. Re1 Re8 13. a3 h6 14. Ne4
Bf5 15. Ng3 Rxe1+ 16. Qxe1 Be6 17. Bd3 Nf6 18. Qc3 Qd6 19. Ne4 1/2-1/2

[Event "Int. Stuttgarter Stadtmeisterschaft B"]
[Site "Ditzingen"]
[Date "2012.05.18"]
[Round "4.33"]
[White "Heil, Rudolf"]
[Black "Thren, Christian"]
[Result "1/2-1/2"]
[WhiteElo "1722"]
[BlackElo "1518"]
[PlyCount "41"]
[EventDate "2012.??.??"]

1. c4 e5 2. g3 Nc6 3. Bg2 Bc5 4. e3 d6 5. Ne2 Bg4 6. Nbc3 Nf6 7. d3 a6 8. h3
Bf5 9. O-O Qc8 10. Kh2 O-O 11. b3 Bd7 12. Bb2 Ne7 13. d4 exd4 14. exd4 Ba7 15.
Nf4 Bc6 16. d5 Bd7 17. Ne4 Nxe4 18. Bxe4 Bf5 19. Bg2 f6 20. g4 Bd7 21. Nh5
1/2-1/2

[Event "Int. Stuttgarter Stadtmeisterschaft B"]
[Site "Ditzingen"]
[Date "2012.05.18"]
[Round "4.34"]
[White "Krämer, Heinz"]
[Black "Dirks, Alexander"]
[Result "1-0"]
[WhiteElo "1699"]
[BlackElo "1518"]
[PlyCount "81"]
[EventDate "2012.??.??"]

1. e4 c5 2. Nc3 d6 3. g3 Nc6 4. Bg2 g6 5. d3 Bg7 6. Be3 Bd7 7. Nf3 Nf6 8. Qc1
a6 9. O-O O-O 10. h3 Rc8 11. Bh6 b5 12. Ne2 Qb6 13. c3 a5 14. Bxg7 Kxg7 15. Qe3
Rfd8 16. Rac1 b4 17. Rfd1 Ne5 18. Nh2 Bb5 19. c4 Ba4 20. b3 Be8 21. f4 Nc6 22.
Nf3 e5 23. f5 Nd4 24. Nfxd4 cxd4 25. Qf2 Bd7 26. g4 g5 27. Bf3 Rh8 28. Ng3 h6
29. Kg2 Rh7 30. Rh1 Rch8 31. h4 Qc7 32. hxg5 hxg5 33. Qd2 Rxh1 34. Qxg5+ Kf8
35. Rxh1 Rxh1 36. Kxh1 Ng8 37. Nh5 Qc8 38. f6 Nxf6 39. Qg7+ Ke7 40. Qxf6+ Kf8
41. Qh8+ 1-0

[Event "Int. Stuttgarter Stadtmeisterschaft B"]
[Site "Ditzingen"]
[Date "2012.05.18"]
[Round "4.35"]
[White "Gheng, Hannelore"]
[Black "Wunder, Anton"]
[Result "1-0"]
[WhiteElo "1691"]
[BlackElo "1507"]
[PlyCount "45"]
[EventDate "2012.??.??"]

1. e4 e5 2. Nf3 Nc6 3. Bc4 Bc5 4. c3 Nf6 5. d4 exd4 6. cxd4 Bb4+ 7. Nc3 O-O 8.
e5 Ne4 9. O-O Nxc3 10. bxc3 Bxc3 11. Ng5 Bxa1 12. Qh5 h6 13. Nxf7 Rxf7 14.
Qxf7+ Kh8 15. Bxh6 gxh6 16. Qg6 Qf8 17. Rxa1 Nxd4 18. Qf6+ Qxf6 19. exf6 Nf5
20. Re1 Nd6 21. Re8+ Kh7 22. Bd3+ Ne4 23. Bxe4# 1-0

[Event "Int. Stuttgarter Stadtmeisterschaft B"]
[Site "Ditzingen"]
[Date "2012.05.18"]
[Round "4.36"]
[White "Bohun, Roland"]
[Black "Kuhn, Magnus"]
[Result "1/2-1/2"]
[WhiteElo "1437"]
[BlackElo "1658"]
[PlyCount "41"]
[EventDate "2012.??.??"]

1. d4 d5 2. e3 e6 3. Nf3 Nf6 4. a3 c5 5. dxc5 Bxc5 6. b4 Be7 7. Bb2 O-O 8. Nbd2
Bd7 9. Bd3 a6 10. O-O Nc6 11. h3 Re8 12. c4 Rc8 13. Rc1 h6 14. Re1 Bf8 15. Be5
Nxe5 16. Nxe5 a5 17. Nxd7 Nxd7 18. c5 axb4 19. axb4 Ra8 20. Bb5 Qe7 21. e4
1/2-1/2

[Event "Int. Stuttgarter Stadtmeisterschaft B"]
[Site "Ditzingen"]
[Date "2012.05.18"]
[Round "4.37"]
[White "Strauss, Martin"]
[Black "Piskaykin, Bogdan"]
[Result "0-1"]
[WhiteElo "1811"]
[BlackElo "1560"]
[PlyCount "68"]
[EventDate "2012.??.??"]

1. e4 c5 2. Nf3 d6 3. Bb5+ Nd7 4. Nc3 e6 5. d4 cxd4 6. Qxd4 a6 7. Bxd7+ Bxd7 8.
O-O Bc6 9. Re1 Nf6 10. Bg5 Be7 11. Rad1 Qa5 12. b4 Qc7 13. Qd3 O-O 14. Nd4 Rfd8
15. b5 axb5 16. Ndxb5 Bxb5 17. Nxb5 Qc6 18. Qb3 h6 19. Bxf6 Bxf6 20. Rd3 Rd7
21. g3 Qc5 22. Red1 Ra6 23. Nd4 Bxd4 24. Rxd4 Ra3 25. Qb2 Rc3 26. R1d2 Kh7 27.
e5 d5 28. Rb4 d4 29. Rb5 Qc6 30. Rb3 Qe4 31. Rxc3 dxc3 32. Qxc3 Qe1+ 33. Kg2
Qxd2 34. Qc4 Qd5+ 0-1

[Event "Int. Stuttgarter Stadtmeisterschaft B"]
[Site "Ditzingen"]
[Date "2012.05.18"]
[Round "4.38"]
[White "Graf, Maximilian"]
[Black "Ruff, Robert"]
[Result "1/2-1/2"]
[WhiteElo "1629"]
[BlackElo "1799"]
[PlyCount "132"]
[EventDate "2012.??.??"]

1. e4 e6 2. d4 d5 3. Nc3 Bb4 4. e5 c5 5. a3 Bxc3+ 6. bxc3 Ne7 7. Nf3 Qa5 8. Bd2
Nbc6 9. c4 Qc7 10. cxd5 exd5 11. c3 c4 12. Be2 O-O 13. O-O Na5 14. Bf4 Nb3 15.
Ra2 Qa5 16. Qc2 Bf5 17. Qb2 Nc8 18. Bd1 Bd3 19. Re1 Nb6 20. Bxb3 cxb3 21. Raa1
Bc4 22. Nd2 Na4 23. Nxc4 Nxb2 24. Nxa5 Nd3 25. Bd2 Nxe1 26. Rxe1 b6 27. Nxb3
Rac8 28. Rb1 Rc6 29. Na1 a6 30. Nc2 a5 31. Rb5 f6 32. Rxd5 Re6 33. f4 Kf7 34.
f5 Rc6 35. Rd7+ Kg8 36. e6 g6 37. Bh6 Re8 38. Rg7+ Kh8 39. fxg6 hxg6 40. d5
Rxc3 41. d6 Rxe6 42. d7 Rd3 43. Rf7 Red6 44. Bf4 Rxd7 45. Rxf6 Rb3 46. Rxg6
Rb1+ 47. Kf2 Rb2 48. Be5+ Kh7 49. Bxb2 Kxg6 50. Ke2 Rc7 51. Kd3 Rh7 52. h3 Rc7
53. Bd4 Rc6 54. a4 Kh5 55. Ne3 Rg6 56. g4+ Kh4 57. Nd5 Rd6 58. Nxb6 Kxh3 59.
Nc4 Kh4 60. g5 Kh5 61. Ke4 Re6+ 62. Kf5 Re1 63. Ne5 Rf1+ 64. Ke6 Rf4 65. g6 Kh6
66. g7 Kh7 1/2-1/2

[Event "Int. Stuttgarter Stadtmeisterschaft B"]
[Site "Ditzingen"]
[Date "2012.05.18"]
[Round "4.39"]
[White "Krebs, Thomas"]
[Black "Drapkin, Marc"]
[Result "1/2-1/2"]
[WhiteElo "1626"]
[BlackElo "1793"]
[PlyCount "46"]
[EventDate "2012.??.??"]

1. e4 e6 2. d4 d5 3. exd5 exd5 4. Bd3 Nc6 5. c3 Bd6 6. Nf3 Nge7 7. h3 O-O 8.
O-O Ng6 9. Re1 Re8 10. Be3 Nf4 11. Bf1 Ng6 12. a4 Nce7 13. Bd3 Nf5 14. Bd2 c6
15. b4 Rxe1+ 16. Qxe1 Bd7 17. Na3 Qe8 18. Nc2 Nfh4 19. Nxh4 Nxh4 20. Qe3 Qxe3
21. Bxe3 Nf5 22. Bd2 Re8 23. Re1 Rxe1+ 1/2-1/2

[Event "Int. Stuttgarter Stadtmeisterschaft B"]
[Site "Ditzingen"]
[Date "2012.05.18"]
[Round "4.40"]
[White "Steiert, Roland"]
[Black "Trobonjaca, Milos"]
[Result "0-1"]
[WhiteElo "1736"]
[BlackElo "1617"]
[PlyCount "118"]
[EventDate "2012.??.??"]

1. d4 d5 2. e4 dxe4 3. Nc3 Nf6 4. f3 exf3 5. Nxf3 Bg4 6. h3 Bh5 7. g4 Bg6 8.
Bg2 c6 9. Ne5 Nbd7 10. Nc4 Qc7 11. O-O h6 12. Bf4 Qc8 13. Re1 e6 14. Nd6+ Bxd6
15. Bxd6 Nb6 16. d5 cxd5 17. Nb5 Kd7 18. Re3 Qc6 19. Qf1 a6 20. c4 Nxc4 21. Rc3
axb5 22. Bh2 Rhc8 23. Kh1 Qa6 24. Rac1 Rc6 25. Qf4 Rac8 26. h4 Nd6 27. g5 hxg5
28. hxg5 Nh5 29. Qg4 Qxa2 30. Rxc6 Rxc6 31. Rxc6 bxc6 32. Qb4 Qb1+ 33. Bg1 Qa1
34. b3 Be4 35. Qc5 Bxg2+ 36. Kxg2 Qa2+ 37. Bf2 Ne4 38. Qa7+ Qxa7 39. Bxa7 Nxg5
40. Bd4 f6 41. Bc5 e5 42. Bb4 d4 43. Bc5 Ke6 44. Kf1 Kd5 45. b4 e4 46. Ke1 f5
47. Be7 Ne6 48. Kd2 g5 49. Ke2 f4 50. Kf2 g4 51. Bh4 Kc4 52. Be7 d3 53. Ke1 Nd4
54. Bc5 e3 55. Bd6 g3 56. Kf1 d2 57. Kg2 e2 58. Kh3 d1=Q 59. Bxf4 Qh1+ 0-1

[Event "Int. Stuttgarter Stadtmeisterschaft B"]
[Site "Ditzingen"]
[Date "2012.05.18"]
[Round "4.41"]
[White "Boschmann, Werner"]
[Black "Häfele, Torsten"]
[Result "0-1"]
[WhiteElo "1686"]
[BlackElo "1615"]
[PlyCount "80"]
[EventDate "2012.??.??"]

1. e4 e6 2. d4 d5 3. exd5 exd5 4. c4 c6 5. Nf3 Bb4+ 6. Nc3 Nf6 7. a3 Bxc3+ 8.
bxc3 Ne4 9. Qc2 O-O 10. Be3 Qa5 11. cxd5 cxd5 12. Bd2 Nxd2 13. Kxd2 h6 14. Bd3
Nc6 15. Rhe1 Bg4 16. Kd1 Rac8 17. Qd2 Qc7 18. h3 Bxf3+ 19. gxf3 Qh2 20. Qe3 Na5
21. Kc2 Qc7 22. Qd2 Nc4 23. Qc1 Qd7 24. Bxc4 Rxc4 25. Re3 Rfc8 26. Kd2 Qxh3 27.
Qe1 Qd7 28. Rc1 Kf8 29. Qe2 Re8 30. Re1 Rxe3 31. Qxe3 Rc6 32. Qd3 g6 33. Qe3 h5
34. Qh6+ Kg8 35. Qg5 Re6 36. Rh1 Kh7 37. Qg3 Qb5 38. Qf4 Kg7 39. Re1 Qb2+ 40.
Kd1 Qb1+ 0-1

[Event "Int. Stuttgarter Stadtmeisterschaft B"]
[Site "Ditzingen"]
[Date "2012.05.18"]
[Round "4.42"]
[White "Shankar, Ajay"]
[Black "Tsybulevsky, Juri"]
[Result "1-0"]
[WhiteElo "1554"]
[BlackElo "1676"]
[PlyCount "91"]
[EventDate "2012.??.??"]

1. d4 Nf6 2. c4 b6 3. Nc3 e6 4. a3 Bb7 5. Bg5 Be7 6. e3 c5 7. Nf3 d6 8. Bd3
Nbd7 9. O-O h6 10. Bh4 a6 11. Rb1 d5 12. b3 Ne4 13. Bxe7 Qxe7 14. Bxe4 dxe4 15.
Nd2 f5 16. Qh5+ Kf8 17. f3 Nf6 18. Qg6 cxd4 19. exd4 exf3 20. Nxf3 Rd8 21. Qg3
g5 22. Ne5 Rg8 23. Qd3 Qd6 24. Rbd1 Kg7 25. Qh3 g4 26. Qh4 Rdf8 27. Ne2 Be4 28.
Nf4 Kh7 29. c5 bxc5 30. Nc4 Qe7 31. dxc5 Qxc5+ 32. Kh1 Bd5 33. Rxd5 exd5 34.
Ne6 Qe7 35. Nxf8+ Rxf8 36. Re1 Qc5 37. Re6 Qd4 38. Nd6 Qf4 39. Qe1 Ne4 40. Re7+
Kg8 41. Qa1 Qg5 42. Rd7 Nf6 43. Ra7 g3 44. hxg3 Qxg3 45. Nxf5 Qf4 46. Ne7+ 1-0